Súčasná dramatika má prednosť-

Bibliographic Details
Main Author: Šimková, Soňa, 1944-2024 (Author)
Format: Article
Language:Slovak
Subjects:

MARC

LEADER 00000nab a2200000 a 4500
001 vtls000715672
003 SK-MaSNL
005 20260304010536.0
008 160405c1999 xo 0 slo
015 |a SNBRB2000/03-06957 
035 |a CLN000067839 
040 |a SNKBUCL  |b slo  |c SNKBUCL  |e AACR2 
041 0 |a slo 
044 |a xo  |c SK 
080 |a 792.091.4  |2 1997 
080 |a 792(439)  |2 1997 
100 1 |a Šimková, Soňa,  |d 1944-2024  |4 aut  |9 193945 
245 1 0 |a Súčasná dramatika má prednosť-  |c Soňa Šimková 
611 1 7 |a Festival súčasnej maďarskej drámy  |n (2. :  |d 1999 :  |c Budapešť, Maďarsko)  |2 snkbucl  |9 16871 
655 7 |a články z novín a časopisov  |2 snkbucl  |9 267496 
773 0 |t Divadlo v medzičase  |g Roč. 4, č. 2 (1999), s. 18-19 
850 |a Slovenská národná knižnica v Martine 
852 |a SNK  |b KIS3GCP 
958 |a HU 
958 |a RBX 
999 |c 2561439  |d 2563369